000 00439nam a2200181Ia 4500
001 1187
005 20260306140613.0
008 260306t2013||||xx |||||||||||||| ||spa||
041 _aESP
082 _a189
_bA32 T. 2
100 _aAgustin, San
_eAUT
245 0 _aObras completas de San Agustín:
_blas confesiones
260 _c2013
300 _a629 páginas :
_c20 cm.
650 _aGEN
654 _aCHU
942 _cLIB
_dJUS
_fJUS
_2ddc
_n
999 _c1187
_d1187